00692nam a2200217 i 450000100060000000300090000600500170001500700030003200800410003502000180007608000220009424501190011626000430023530000220027849000230030063000340032365000320035770000290038983000230041885200330044173412ES-MaACL20230906171810.0t|041008s2000 sp ||||1| spa d a84-8442-111-2 a341.176(4-672 UE)03aLa reforma institucional de la Unión Europea y el Tratado de Amsterdam / cRoberto Viciano Pastor (coordinador). aValencia : bTirant lo Blanch, c2000. a254 p. ; c20 cm.1 aPolo europeo ; v207aTratado de Amsterdam (d1997)14aInstituciones comunitarias.1 aViciano Pastor, Roberto.0 aPolo europeo ; v2 aES-MaACLjL-28198 bR.133893